Sieci komputerowe
Salvato in:
| Natura: | Libro |
|---|---|
| Lingua: | polacco |
| Pubblicazione: |
Warszawa
Wyd. Naukowo-Techniczne
1988
|
| Edizione: | 1. wyd. |
| Tags: |
Nessun Tag, puoi essere il primo ad aggiungerne!!
|
MARC
| LEADER | 00000nam a2200000 4500 | ||
|---|---|---|---|
| 001 | c030409 | ||
| 005 | 20260121070542.9 | ||
| 041 | 0 | |a pol | |
| 044 | |a PL | ||
| 245 | 1 | 0 | |a Sieci komputerowe |c Adrew S. Tanenbaum ; [Z angl. prel.] Marian Suskiewicz |
| 250 | |a 1. wyd. | ||
| 264 | 1 | |a Warszawa |b Wyd. Naukowo-Techniczne |c 1988 | |
| 300 | |a 579 s. | ||